[Event "DEM U18 2024"]
[Site "Willingen GER"]
[Date "2024.05.24"]
[Round "8"]
[White "Bilovil, Bogdan"]
[Black "Garner, Isaac"]
[Result "1-0"]
[Termination "normal"]
[Board "1"]
[WhiteTitle "FM"]
[WhiteElo "2429"]
[BlackElo "2289"]
[WhiteClock "00:02:36"]
[BlackClock "00:03:44"]
[PlyCount "123"]
[WhiteFideId "14168766"]
[BlackFideId "16239261"]
[EventCountry "GER"]
[EventRounds "9"]
[EventType "swiss"]
[EventDate "2024.05.18"]

1. e4 {[%clk 01:30:56]} {[%emt 00:00:03]} e5 {[%clk 01:30:50]} {[%emt
00:00:11]} 2. Nf3 {[%clk 01:31:17]} {[%emt 00:00:09]} Nc6 {[%clk 01:31:14]}
{[%emt 00:00:07]} 3. g3 {[%clk 01:31:36]} {[%emt 00:00:11]} Nf6 {[%clk
01:27:02]} {[%emt 00:04:42]} 4. d3 {[%clk 01:31:57]} {[%emt 00:00:09]} Bc5
{[%clk 01:25:49]} {[%emt 00:01:42]} 5. Bg2 {[%clk 01:32:06]} {[%emt 00:00:21]}
d6 {[%clk 01:25:07]} {[%emt 00:01:12]} 6. O-O {[%clk 01:32:00]} {[%emt
00:00:36]} a5 {[%clk 01:20:42]} {[%emt 00:04:55]} 7. Nc3 {[%clk 01:29:54]}
{[%emt 00:02:36]} h6 {[%clk 01:16:28]} {[%emt 00:04:44]} 8. h3 {[%clk
01:24:10]} {[%emt 00:06:15]} O-O {[%clk 01:10:35]} {[%emt 00:06:21]} 9. Kh2
{[%clk 01:24:09]} {[%emt 00:00:32]} Be6 {[%clk 01:06:24]} {[%emt 00:04:42]} 10.
Nd2 {[%clk 01:24:04]} {[%emt 00:00:34]} d5 {[%clk 01:00:44]} {[%emt 00:06:11]}
11. f4 {[%clk 01:24:32]} {[%emt 00:00:01]} exf4 {[%clk 00:54:18]} {[%emt
00:06:57]} 12. gxf4 {[%clk 01:24:54]} {[%emt 00:00:07]} dxe4 {[%clk 00:52:53]}
{[%emt 00:01:56]} 13. dxe4 {[%clk 01:25:17]} {[%emt 00:00:06]} a4 {[%clk
00:52:09]} {[%emt 00:01:15]} 14. e5 {[%clk 01:16:28]} {[%emt 00:09:19]} Nh7
{[%clk 00:50:30]} {[%emt 00:02:08]} 15. Qh5 {[%clk 01:04:39]} {[%emt 00:12:19]}
g6 {[%clk 00:37:58]} {[%emt 00:13:02]} 16. Qd1 {[%clk 00:55:35]} {[%emt
00:09:33]} Nd4 {[%clk 00:35:06]} {[%emt 00:03:23]} 17. Nde4 {[%clk 00:54:45]}
{[%emt 00:01:20]} Bb6 {[%clk 00:33:58]} {[%emt 00:01:38]} 18. Be3 {[%clk
00:53:23]} {[%emt 00:01:52]} Ra5 {[%clk 00:24:49]} {[%emt 00:09:40]} 19. Rf2
{[%clk 00:38:21]} {[%emt 00:15:32]} Nf5 {[%clk 00:20:32]} {[%emt 00:04:46]} 20.
Bxb6 {[%clk 00:37:57]} {[%emt 00:00:54]} cxb6 {[%clk 00:20:56]} {[%emt
00:00:07]} 21. Qxd8 {[%clk 00:35:15]} {[%emt 00:03:11]} Rxd8 {[%clk 00:21:22]}
{[%emt 00:00:04]} 22. a3 {[%clk 00:33:57]} {[%emt 00:01:48]} g5 {[%clk
00:20:22]} {[%emt 00:01:30]} 23. Re1 {[%clk 00:33:07]} {[%emt 00:01:19]} Kg7
{[%clk 00:20:03]} {[%emt 00:00:50]} 24. Ng3 {[%clk 00:32:03]} {[%emt 00:01:34]}
Nxg3 {[%clk 00:15:20]} {[%emt 00:05:13]} 25. Kxg3 {[%clk 00:32:27]} {[%emt
00:00:07]} gxf4+ {[%clk 00:15:42]} {[%emt 00:00:08]} 26. Rxf4 {[%clk 00:32:27]}
{[%emt 00:00:29]} Rd2 {[%clk 00:15:42]} {[%emt 00:00:30]} 27. Rf2 {[%clk
00:31:11]} {[%emt 00:01:46]} Rxf2 {[%clk 00:16:07]} {[%emt 00:00:05]} 28. Kxf2
{[%clk 00:31:38]} {[%emt 00:00:02]} Nf8 {[%clk 00:15:25]} {[%emt 00:01:13]} 29.
Re4 {[%clk 00:30:38]} {[%emt 00:01:30]} Bd7 {[%clk 00:13:07]} {[%emt 00:02:49]}
30. Rb4 {[%clk 00:29:43]} {[%emt 00:01:23]} b5 {[%clk 00:10:38]} {[%emt
00:03:00]} 31. Bxb7 {[%clk 00:24:32]} {[%emt 00:05:41]} Ng6 {[%clk 00:11:04]}
{[%emt 00:00:04]} 32. Bg2 {[%clk 00:16:21]} {[%emt 00:08:40]} Nxe5 {[%clk
00:09:21]} {[%emt 00:02:14]} 33. Bf1 {[%clk 00:16:40]} {[%emt 00:00:11]} Ra6
{[%clk 00:07:45]} {[%emt 00:02:06]} 34. Bxb5 {[%clk 00:13:48]} {[%emt
00:03:22]} Rf6+ {[%clk 00:08:12]} {[%emt 00:00:03]} 35. Ke3 {[%clk 00:13:46]}
{[%emt 00:00:27]} Bxh3 {[%clk 00:08:37]} {[%emt 00:00:10]} 36. Be2 {[%clk
00:12:52]} {[%emt 00:01:24]} Bf5 {[%clk 00:07:38]} {[%emt 00:01:29]} 37. Ne4
{[%clk 00:11:48]} {[%emt 00:01:34]} Rc6 {[%clk 00:07:27]} {[%emt 00:00:42]} 38.
c3 {[%clk 00:11:36]} {[%emt 00:00:41]} Re6 {[%clk 00:05:44]} {[%emt 00:02:13]}
39. Kf4 {[%clk 00:09:11]} {[%emt 00:02:55]} Bg6 {[%clk 00:05:37]} {[%emt
00:00:38]} 40. Rxa4 {[%clk 00:09:00]} {[%emt 00:00:41]} h5 {[%clk 00:02:41]}
{[%emt 00:03:25]} 41. Ng5 {[%clk 00:23:38]} {[%emt 00:15:51]} Re7 {[%clk
00:30:02]} {[%emt 00:03:09]} 42. Kg3 {[%clk 00:22:34]} {[%emt 00:01:35]} Nd7
{[%clk 00:25:33]} {[%emt 00:04:59]} 43. Bf3 {[%clk 00:19:00]} {[%emt 00:04:04]}
Nc5 {[%clk 00:25:04]} {[%emt 00:01:00]} 44. Rd4 {[%clk 00:18:56]} {[%emt
00:00:32]} Nd3 {[%clk 00:14:15]} {[%emt 00:11:19]} 45. b4 {[%clk 00:17:45]}
{[%emt 00:01:42]} Re3 {[%clk 00:14:34]} {[%emt 00:00:11]} 46. b5 {[%clk
00:16:24]} {[%emt 00:01:51]} f6 {[%clk 00:12:59]} {[%emt 00:02:05]} 47. b6
{[%clk 00:08:05]} {[%emt 00:08:49]} Nc5 {[%clk 00:08:08]} {[%emt 00:05:21]} 48.
Rc4 {[%clk 00:03:48]} {[%emt 00:04:47]} Na6 {[%clk 00:06:14]} {[%emt 00:02:24]}
49. Kf2 {[%clk 00:03:46]} {[%emt 00:00:32]} Re5 {[%clk 00:05:54]} {[%emt
00:00:50]} 50. Ne4 {[%clk 00:02:58]} {[%emt 00:01:17]} Rb5 {[%clk 00:05:41]}
{[%emt 00:00:43]} 51. Rc6 {[%clk 00:02:46]} {[%emt 00:00:42]} Nb8 {[%clk
00:05:13]} {[%emt 00:00:59]} 52. Rc7+ {[%clk 00:03:03]} {[%emt 00:00:13]} Kh6
{[%clk 00:05:38]} {[%emt 00:00:05]} 53. b7 {[%clk 00:03:10]} {[%emt 00:00:23]}
h4 {[%clk 00:05:11]} {[%emt 00:00:56]} 54. Nxf6 {[%clk 00:03:07]} {[%emt
00:00:34]} Bf5 {[%clk 00:04:40]} {[%emt 00:01:01]} 55. Ke3 {[%clk 00:02:29]}
{[%emt 00:01:08]} h3 {[%clk 00:04:38]} {[%emt 00:00:32]} 56. Kf4 {[%clk
00:02:10]} {[%emt 00:00:48]} Be6 {[%clk 00:04:32]} {[%emt 00:00:37]} 57. Ng4+
{[%clk 00:01:49]} {[%emt 00:00:51]} Bxg4 {[%clk 00:03:49]} {[%emt 00:01:13]}
58. Kxg4 {[%clk 00:02:00]} {[%emt 00:00:19]} h2 {[%clk 00:04:14]} {[%emt
00:00:05]} 59. Kg3 {[%clk 00:02:13]} {[%emt 00:00:17]} Rb3 {[%clk 00:03:32]}
{[%emt 00:01:12]} 60. Kxh2 {[%clk 00:02:04]} {[%emt 00:00:39]} Rxa3 {[%clk
00:03:19]} {[%emt 00:00:43]} 61. Rc8 {[%clk 00:02:16]} {[%emt 00:00:18]} Na6
{[%clk 00:03:44]} {[%emt 00:00:05]} 62. Ra8 {[%clk 00:02:36]} {[%emt 00:00:09]}
1-0

[Event "DEM U18 2024"]
[Site "Willingen GER"]
[Date "2024.05.24"]
[Round "8"]
[White "Vortmeier, Jan"]
[Black "Petrovskiy, Vadim"]
[Result "1/2-1/2"]
[Termination "normal"]
[Board "2"]
[BlackTitle "IM"]
[WhiteElo "2082"]
[BlackElo "2424"]
[WhiteClock "00:18:01"]
[BlackClock "00:05:08"]
[PlyCount "117"]
[WhiteFideId "16261321"]
[BlackFideId "14165210"]
[EventCountry "GER"]
[EventRounds "9"]
[EventType "swiss"]
[EventDate "2024.05.18"]

1. c4 {[%clk 01:30:57]} {[%emt 00:00:02]} Nf6 {[%clk 01:29:54]} {[%emt
00:01:06]} 2. g3 {[%clk 01:31:18]} {[%emt 00:00:09]} e6 {[%clk 01:26:25]}
{[%emt 00:03:59]} 3. Bg2 {[%clk 01:31:39]} {[%emt 00:00:09]} d5 {[%clk
01:26:50]} {[%emt 00:00:06]} 4. Nf3 {[%clk 01:32:02]} {[%emt 00:00:06]} Be7
{[%clk 01:27:14]} {[%emt 00:00:07]} 5. O-O {[%clk 01:32:17]} {[%emt 00:00:14]}
O-O {[%clk 01:27:40]} {[%emt 00:00:04]} 6. b3 {[%clk 01:31:48]} {[%emt
00:01:00]} d4 {[%clk 01:27:55]} {[%emt 00:00:15]} 7. Ne5 {[%clk 01:24:40]}
{[%emt 00:07:38]} c5 {[%clk 01:26:33]} {[%emt 00:01:52]} 8. b4 {[%clk
01:13:13]} {[%emt 00:11:56]} Qc7 {[%clk 01:17:58]} {[%emt 00:09:05]} 9. Nf3
{[%clk 01:01:51]} {[%emt 00:11:52]} e5 {[%clk 01:11:04]} {[%emt 00:07:25]} 10.
bxc5 {[%clk 00:58:19]} {[%emt 00:04:02]} Nc6 {[%clk 01:08:20]} {[%emt
00:03:14]} 11. d3 {[%clk 00:54:58]} {[%emt 00:03:50]} Nd7 {[%clk 01:08:39]}
{[%emt 00:00:11]} 12. Nbd2 {[%clk 00:44:55]} {[%emt 00:10:33]} Nxc5 {[%clk
01:04:38]} {[%emt 00:04:32]} 13. Ba3 {[%clk 00:39:49]} {[%emt 00:05:36]} Qa5
{[%clk 00:57:57]} {[%emt 00:07:10]} 14. Bxc5 {[%clk 00:39:09]} {[%emt
00:01:10]} Qxc5 {[%clk 00:58:24]} {[%emt 00:00:03]} 15. Qb3 {[%clk 00:35:55]}
{[%emt 00:03:43]} Rb8 {[%clk 00:52:19]} {[%emt 00:06:36]} 16. Qb5 {[%clk
00:28:56]} {[%emt 00:07:29]} Qd6 {[%clk 00:51:39]} {[%emt 00:01:08]} 17. Rfc1
{[%clk 00:23:37]} {[%emt 00:05:51]} Qc7 {[%clk 00:49:54]} {[%emt 00:02:15]} 18.
Rab1 {[%clk 00:21:15]} {[%emt 00:02:52]} Bd7 {[%clk 00:47:26]} {[%emt
00:02:59]} 19. c5 {[%clk 00:15:11]} {[%emt 00:06:34]} Na5 {[%clk 00:42:23]}
{[%emt 00:05:32]} 20. c6 {[%clk 00:06:27]} {[%emt 00:09:14]} Nxc6 {[%clk
00:42:35]} {[%emt 00:00:18]} 21. Nxe5 {[%clk 00:05:03]} {[%emt 00:01:54]} Qxe5
{[%clk 00:24:50]} {[%emt 00:18:15]} 22. Bxc6 {[%clk 00:05:27]} {[%emt
00:00:06]} Qxe2 {[%clk 00:25:12]} {[%emt 00:00:07]} 23. Bxd7 {[%clk 00:04:49]}
{[%emt 00:01:09]} Qxd2 {[%clk 00:25:41]} 24. Rc7 {[%clk 00:02:49]} {[%emt
00:02:29]} Bd6 {[%clk 00:25:05]} {[%emt 00:01:06]} 25. Rxb7 {[%clk 00:02:05]}
{[%emt 00:01:14]} Rxb7 {[%clk 00:25:33]} {[%emt 00:00:04]} 26. Qxb7 {[%clk
00:02:22]} {[%emt 00:00:13]} Qxd3 {[%clk 00:26:01]} {[%emt 00:00:02]} 27. Bc6
{[%clk 00:01:54]} {[%emt 00:00:57]} Bc5 {[%clk 00:24:20]} {[%emt 00:02:12]} 28.
Be4 {[%clk 00:01:47]} {[%emt 00:00:36]} Qe2 {[%clk 00:24:08]} {[%emt 00:00:42]}
29. Qd5 {[%clk 00:01:31]} {[%emt 00:00:46]} Bb6 {[%clk 00:23:34]} {[%emt
00:01:05]} 30. a4 {[%clk 00:01:28]} {[%emt 00:00:32]} Re8 {[%clk 00:22:20]}
{[%emt 00:01:44]} 31. Bf3 {[%clk 00:01:32]} {[%emt 00:00:25]} Qc2 {[%clk
00:21:39]} {[%emt 00:01:12]} 32. Qb5 {[%clk 00:01:53]} {[%emt 00:00:09]} Rd8
{[%clk 00:20:56]} {[%emt 00:01:13]} 33. Re1 {[%clk 00:01:19]} {[%emt 00:01:03]}
Rf8 {[%clk 00:19:52]} {[%emt 00:01:35]} 34. a5 {[%clk 00:00:39]} {[%emt
00:01:10]} Qc3 {[%clk 00:20:10]} {[%emt 00:00:12]} 35. Re8 {[%clk 00:00:33]}
{[%emt 00:00:36]} Qxf3 {[%clk 00:13:07]} {[%emt 00:07:33]} 36. axb6 {[%clk
00:00:34]} {[%emt 00:00:30]} axb6 {[%clk 00:06:35]} {[%emt 00:07:02]} 37. Rxf8+
{[%clk 00:00:42]} {[%emt 00:00:21]} Kxf8 {[%clk 00:07:03]} {[%emt 00:00:01]}
38. Qb4+ {[%clk 00:00:38]} {[%emt 00:00:35]} Ke8 {[%clk 00:04:22]} {[%emt
00:03:12]} 39. Qb5+ {[%clk 00:00:57]} {[%emt 00:00:10]} Ke7 {[%clk 00:04:06]}
{[%emt 00:00:46]} 40. Qe5+ {[%clk 00:01:21]} {[%emt 00:00:06]} Kd7 {[%clk
00:04:13]} {[%emt 00:00:20]} 41. Qxd4+ {[%clk 00:01:43]} {[%emt 00:00:10]} Kc6
{[%clk 00:04:27]} {[%emt 00:00:15]} 42. Qxg7 {[%clk 00:00:50]} {[%emt
00:01:24]} h5 {[%clk 00:26:17]} {[%emt 00:08:41]} 43. h4 {[%clk 00:26:07]}
{[%emt 00:05:12]} b5 {[%clk 00:21:06]} {[%emt 00:05:42]} 44. Qf8 {[%clk
00:25:41]} {[%emt 00:00:55]} Qd5 {[%clk 00:18:51]} {[%emt 00:02:45]} 45. Qc8+
{[%clk 00:24:40]} {[%emt 00:01:32]} Kb6 {[%clk 00:18:25]} {[%emt 00:00:55]} 46.
Qc3 {[%clk 00:22:55]} {[%emt 00:02:15]} f5 {[%clk 00:14:50]} {[%emt 00:04:06]}
47. Qe3+ {[%clk 00:22:31]} {[%emt 00:00:54]} Ka5 {[%clk 00:13:30]} {[%emt
00:01:50]} 48. Qa3+ {[%clk 00:22:47]} {[%emt 00:00:14]} Kb6 {[%clk 00:13:59]}
{[%emt 00:00:02]} 49. Qe3+ {[%clk 00:23:09]} {[%emt 00:00:07]} Kc6 {[%clk
00:07:35]} {[%emt 00:06:54]} 50. Qe8+ {[%clk 00:21:44]} {[%emt 00:01:55]} Kc5
{[%clk 00:08:04]} {[%emt 00:00:02]} 51. Qxh5 {[%clk 00:21:29]} {[%emt
00:00:44]} b4 {[%clk 00:08:33]} {[%emt 00:00:01]} 52. Qh8 {[%clk 00:19:46]}
{[%emt 00:02:12]} b3 {[%clk 00:08:29]} {[%emt 00:00:35]} 53. h5 {[%clk
00:19:05]} {[%emt 00:01:11]} Qd4 {[%clk 00:08:30]} {[%emt 00:00:28]} 54. Qc8+
{[%clk 00:18:56]} {[%emt 00:00:39]} Kb4 {[%clk 00:07:56]} {[%emt 00:01:04]} 55.
Qb8+ {[%clk 00:18:42]} {[%emt 00:00:44]} Ka3 {[%clk 00:06:43]} {[%emt
00:01:42]} 56. h6 {[%clk 00:18:27]} {[%emt 00:00:47]} Qd7 {[%clk 00:06:09]}
{[%emt 00:01:04]} 57. Qa8+ {[%clk 00:18:11]} {[%emt 00:00:45]} Kb4 {[%clk
00:06:28]} {[%emt 00:00:12]} 58. Qf8+ {[%clk 00:17:49]} {[%emt 00:00:52]} Kc3
{[%clk 00:05:08]} {[%emt 00:01:50]} 59. Qg7+ {[%clk 00:18:01]} {[%emt
00:00:18]} 1/2-1/2

[Event "DEM U18 2024"]
[Site "Willingen GER"]
[Date "2024.05.24"]
[Round "8"]
[White "Eilenberg, Jonas"]
[Black "Heinrich, John"]
[Result "1-0"]
[Termination "normal"]
[Board "3"]
[WhiteTitle "FM"]
[WhiteElo "2296"]
[BlackElo "2277"]
[WhiteClock "00:20:07"]
[BlackClock "00:33:32"]
[PlyCount "93"]
[WhiteFideId "16204271"]
[BlackFideId "16259491"]
[EventCountry "GER"]
[EventRounds "9"]
[EventType "swiss"]
[EventDate "2024.05.18"]

1. d4 {[%clk 01:30:57]} {[%emt 00:00:02]} Nf6 {[%clk 01:30:53]} {[%emt
00:00:07]} 2. c4 {[%clk 01:31:16]} {[%emt 00:00:11]} g6 {[%clk 01:31:17]}
{[%emt 00:00:06]} 3. Nc3 {[%clk 01:31:40]} {[%emt 00:00:06]} d5 {[%clk
01:31:44]} {[%emt 00:00:04]} 4. cxd5 {[%clk 01:32:01]} {[%emt 00:00:08]} Nxd5
{[%clk 01:32:08]} {[%emt 00:00:07]} 5. Bd2 {[%clk 01:32:24]} {[%emt 00:00:07]}
Nb6 {[%clk 01:32:33]} {[%emt 00:00:05]} 6. e3 {[%clk 01:32:47]} {[%emt
00:00:06]} Bg7 {[%clk 01:32:45]} {[%emt 00:00:18]} 7. h4 {[%clk 01:33:07]}
{[%emt 00:00:10]} Nc6 {[%clk 01:31:02]} {[%emt 00:02:13]} 8. h5 {[%clk
01:31:35]} {[%emt 00:02:03]} e5 {[%clk 01:30:57]} {[%emt 00:00:35]} 9. h6
{[%clk 01:30:25]} {[%emt 00:01:40]} Bf6 {[%clk 01:29:40]} {[%emt 00:01:47]} 10.
dxe5 {[%clk 01:30:49]} {[%emt 00:00:06]} Nxe5 {[%clk 01:24:43]} {[%emt
00:05:26]} 11. Qc2 {[%clk 01:25:24]} {[%emt 00:05:55]} Bf5 {[%clk 01:20:57]}
{[%emt 00:04:15]} 12. e4 {[%clk 01:24:38]} {[%emt 00:01:17]} Bg4 {[%clk
01:21:04]} {[%emt 00:00:24]} 13. Nh3 {[%clk 01:00:30]} {[%emt 00:24:36]} Qd7
{[%clk 01:17:41]} {[%emt 00:03:54]} 14. Nf4 {[%clk 00:56:31]} {[%emt 00:04:29]}
Bg5 {[%clk 01:02:40]} {[%emt 00:15:31]} 15. Be2 {[%clk 00:35:02]} {[%emt
00:21:58]} Bxe2 {[%clk 00:51:16]} {[%emt 00:11:54]} 16. Ncxe2 {[%clk 00:35:05]}
{[%emt 00:00:28]} O-O-O {[%clk 00:43:37]} {[%emt 00:08:09]} 17. O-O-O {[%clk
00:25:18]} {[%emt 00:10:17]} Nbc4 {[%clk 00:42:26]} {[%emt 00:01:41]} 18. Be3
{[%clk 00:24:44]} {[%emt 00:01:04]} Qb5 {[%clk 00:39:07]} {[%emt 00:03:49]} 19.
Nd4 {[%clk 00:17:40]} {[%emt 00:07:34]} Qb6 {[%clk 00:33:55]} {[%emt 00:05:43]}
20. Qc3 {[%clk 00:17:20]} {[%emt 00:00:50]} Nxe3 {[%clk 00:32:43]} {[%emt
00:01:41]} 21. fxe3 {[%clk 00:17:44]} {[%emt 00:00:06]} Ng4 {[%clk 00:31:24]}
{[%emt 00:01:48]} 22. Rd2 {[%clk 00:09:54]} {[%emt 00:08:21]} Rhe8 {[%clk
00:30:36]} {[%emt 00:01:17]} 23. Nf3 {[%clk 00:08:45]} {[%emt 00:01:39]} Rxd2
{[%clk 00:23:45]} {[%emt 00:07:21]} 24. Qxd2 {[%clk 00:09:14]} {[%emt
00:00:02]} Bxh6 {[%clk 00:20:05]} {[%emt 00:04:10]} 25. Kb1 {[%clk 00:08:17]}
{[%emt 00:01:27]} Qd6 {[%clk 00:16:28]} {[%emt 00:04:06]} 26. Nd5 {[%clk
00:05:59]} {[%emt 00:02:49]} Kb8 {[%clk 00:14:03]} {[%emt 00:02:54]} 27. Rh4
{[%clk 00:04:45]} {[%emt 00:01:45]} Rxe4 {[%clk 00:14:08]} {[%emt 00:00:25]}
28. Nc3 {[%clk 00:04:05]} {[%emt 00:01:09]} Qxd2 {[%clk 00:10:23]} {[%emt
00:04:15]} 29. Nxd2 {[%clk 00:04:34]} Bg5 {[%clk 00:10:25]} {[%emt 00:00:29]}
30. Rxh7 {[%clk 00:05:00]} {[%emt 00:00:05]} Re8 {[%clk 00:10:48]} {[%emt
00:00:06]} 31. Rxf7 {[%clk 00:05:14]} {[%emt 00:00:15]} Nxe3 {[%clk 00:10:43]}
{[%emt 00:00:36]} 32. Nde4 {[%clk 00:04:36]} {[%emt 00:01:08]} Bh6 {[%clk
00:09:57]} {[%emt 00:01:16]} 33. g3 {[%clk 00:03:52]} {[%emt 00:01:14]} b5
{[%clk 00:09:27]} {[%emt 00:01:00]} 34. Nc5 {[%clk 00:02:44]} {[%emt 00:01:38]}
Nf5 {[%clk 00:08:09]} {[%emt 00:01:47]} 35. Na6+ {[%clk 00:02:09]} {[%emt
00:01:06]} Kb7 {[%clk 00:07:53]} {[%emt 00:00:46]} 36. Nxc7 {[%clk 00:02:19]}
{[%emt 00:00:20]} Re1+ {[%clk 00:08:10]} {[%emt 00:00:13]} 37. Kc2 {[%clk
00:02:48]} Kc6 {[%clk 00:08:01]} {[%emt 00:00:38]} 38. N7xb5 {[%clk 00:02:15]}
{[%emt 00:01:04]} a6 {[%clk 00:06:27]} {[%emt 00:02:05]} 39. Na7+ {[%clk
00:02:08]} {[%emt 00:00:37]} Kc5 {[%clk 00:06:20]} {[%emt 00:00:36]} 40. Rc7+
{[%clk 00:01:41]} {[%emt 00:00:58]} Kd4 {[%clk 00:06:15]} {[%emt 00:00:35]} 41.
Nc6+ {[%clk 00:29:32]} {[%emt 00:02:39]} Ke3 {[%clk 00:36:06]} {[%emt
00:00:38]} 42. g4 {[%clk 00:28:11]} {[%emt 00:01:51]} Nd6 {[%clk 00:33:18]}
{[%emt 00:03:19]} 43. Re7+ {[%clk 00:24:18]} {[%emt 00:04:23]} Kf2 {[%clk
00:33:24]} {[%emt 00:00:23]} 44. Rxe1 {[%clk 00:23:02]} {[%emt 00:01:47]} Kxe1
{[%clk 00:33:49]} {[%emt 00:00:05]} 45. Ne5 {[%clk 00:22:15]} {[%emt 00:01:16]}
g5 {[%clk 00:33:47]} {[%emt 00:00:33]} 46. Kd3 {[%clk 00:21:32]} {[%emt
00:01:12]} Kf2 {[%clk 00:33:32]} {[%emt 00:00:44]} 47. Ne4+ {[%clk 00:20:07]}
{[%emt 00:01:56]} 1-0